[Event "Sunnyvale 1000 GM Thanksgiving IM2"]
[Site "Sunnyvale"]
[Date "2023.11.23"]
[Round "3"]
[White "Ramirez, Carlos"]
[Black "Tang, Zoey"]
[Result "0-1"]
[WhiteElo "2227"]
[BlackElo "2282"]
[PlyCount "114"]
[EventDate "2023.11.22"]
[EventType "schev"]
[EventRounds "9"]
[EventCountry "USA"]
[SourceTitle "CB48_2023"]
[SourceDate "2023.11.29"]
[SourceVersion "1"]
[SourceVersionDate "2023.11.29"]
[SourceQuality "1"]

1. d4 d5 2. c4 c6 3. Nf3 Nf6 4. Nc3 dxc4 5. a4 e6 6. e3 c5 7. Bxc4 Nc6 8. 0-0 cxd4 9. exd4 Be7 10. Re1 0-0 11. Bg5 b6 12. Qd3 Nb4 13. Qe2 Bb7 14. Ne5 Nfd5 15. Nxd5 Nxd5 16. Bd2 Bg5 17. Rad1 Rc8 18. Qg4 Bxd2 19. Rxd2 Qf6 20. Red1 Qf4 21. Bf1 Qxg4 22. Nxg4 a5 23. Ne5 Rc7 24. Nc4 Rd8 25. g3 g6 26. b3 Nc3 27. Re1 Bd5 28. Rc2 Ne4 29. Rec1 Bxc4 30. Rxc4 Rxc4 31. Rxc4 Nd2 32. Rc6 Nxb3 33. Rxb6 Nxd4 34. Ra6 Rd5 35. Kg2 Kg7 36. Bc4 Rc5 37. Bb5 Nb3 38. Ra7 h5 39. Be8 Rf5 40. f4 Kf8 41. Bb5 Rc5 42. h4 Rc2+ 43. Kf3 Rc3+ 44. Kf2 Nc5 45. Rxa5 Ne4+ 46. Ke1 Rxg3 47. Ra8+ Kg7 48. a5 Rg1+ 49. Ke2 Nc3+ 50. Kf2 Rg4 51. Bc6 Rxf4+ 52. Kg3 Rc4 53. Rc8 Ne4+ 54. Kh3 Nd6 55. Rc7 Nb5 56. Rb7 Rxc6 57. Rxb5 Rc3+ 0-1

[Event "Sunnyvale 1000 Schev 2 11"]
[Site "Sunnyvale"]
[Date "2023.11.11"]
[Round "3.3"]
[White "Ramirez, Carlos"]
[Black "Yan, Nathan"]
[Result "0-1"]
[WhiteElo "2227"]
[BlackElo "2202"]
[PlyCount "60"]
[EventDate "2023.11.10"]
[EventType "schev"]
[EventRounds "6"]
[EventCountry "USA"]
[SourceTitle "CB47_2023"]
[SourceDate "2023.11.22"]
[SourceVersion "1"]
[SourceVersionDate "2023.11.22"]
[SourceQuality "1"]

1. d4 Nf6 2. c4 e6 3. Nc3 Bb4 4. Qc2 d5 5. cxd5 exd5 6. Bg5 h6 7. Bh4 c5 8. e3 cxd4 9. exd4 Nc6 10. Bb5 a6 11. Bxc6+ bxc6 12. Nge2 0-0 13. 0-0 a5 14. Rfd1 Ba6 15. a3 Be7 16. Na4 Rb8 17. Bxf6 Bxf6 18. Nc5 Bc8 19. Nc3 Qd6 20. N3a4 Bg4 21. f3 Bh5 22. Qc3 Rfe8 23. Re1 Qf4 24. Rxe8+ Rxe8 25. Rd1 Re3 26. Qd2 Qg5 27. Nd7 Bxd4 28. Qxd4 Bxf3 29. Rd2 Re1+ 30. Kf2 Re2+ 0-1

[Event "Teusaquillo Rapid op"]
[Site "Teusaquillo"]
[Date "2023.03.05"]
[Round "7"]
[White "Ramirez, Carlos"]
[Black "Gordillo Pena, Frank"]
[Result "1-0"]
[WhiteElo "2260"]
[BlackElo "1815"]
[PlyCount "67"]
[EventDate "2023.03.04"]
[EventType "swiss (rapid)"]
[EventRounds "9"]
[EventCountry "COL"]
[SourceTitle "CBM 213 Extra"]
[Source "ChessBase"]
[SourceDate "2023.05.31"]
[SourceVersion "1"]
[SourceVersionDate "2023.05.31"]
[SourceQuality "1"]

1. d4 Nf6 2. c4 e6 3. Nc3 Bb4 4. Qc2 b6 5. e4 Bb7 6. Bd3 c5 7. d5 e5 8. Nge2 d6 9. 0-0 0-0 10. Ng3 Qc7 11. Nce2 b5 12. cxb5 a6 13. Bg5 Nbd7 14. Nf5 axb5 15. Bxb5 Kh8 16. a3 Ba5 17. Bxd7 Nxd7 18. Be7 Rfe8 19. Bxd6 Qb6 20. b4 cxb4 21. axb4 Bxb4 22. Rab1 Rec8 23. Qb3 Ba6 24. Qg3 g6 25. Rxb4 Qa5 26. Ne7 Bxe2 27. Rfb1 Re8 28. Nc6 Qa6 29. Bxe5+ f6 30. Bc3 Bd3 31. Re1 Nc5 32. Bxf6+ Kg8 33. Qc7 Nd7 34. Qxd7 1-0

[Event "Teusaquillo Rapid op"]
[Site "Teusaquillo"]
[Date "2023.03.05"]
[Round "6"]
[White "Vargas, Mauricio"]
[Black "Ramirez, Carlos"]
[Result "1/2-1/2"]
[WhiteElo "2025"]
[BlackElo "2260"]
[PlyCount "49"]
[EventDate "2023.03.04"]
[EventType "swiss (rapid)"]
[EventRounds "9"]
[EventCountry "COL"]
[SourceTitle "CBM 213 Extra"]
[Source "ChessBase"]
[SourceDate "2023.05.31"]
[SourceVersion "1"]
[SourceVersionDate "2023.05.31"]
[SourceQuality "1"]

1. e4 e6 2. d4 d5 3. Nd2 c5 4. Ngf3 Nc6 5. exd5 exd5 6. dxc5 Bxc5 7. Nb3 Bb6 8. c3 Nge7 9. Be2 0-0 10. 0-0 Nf5 11. a4 Re8 12. Bf4 h6 13. h3 Be6 14. Ne5 d4 15. Nxc6 bxc6 16. Nxd4 Nxd4 17. cxd4 Qxd4 18. Qxd4 Bxd4 19. Bf3 Rac8 20. Rac1 Bxb2 21. Rxc6 Rxc6 22. Bxc6 Rc8 23. Bb5 Bd4 24. Rc1 Rxc1+ 25. Bxc1 1/2-1/2

[Event "Teusaquillo Rapid op"]
[Site "Teusaquillo"]
[Date "2023.03.04"]
[Round "2"]
[White "Leal Cortes, Diego Fernando"]
[Black "Ramirez, Carlos"]
[Result "0-1"]
[WhiteElo "1818"]
[BlackElo "2260"]
[PlyCount "67"]
[EventDate "2023.03.04"]
[EventType "swiss (rapid)"]
[EventRounds "9"]
[EventCountry "COL"]
[SourceTitle "CBM 213 Extra"]
[Source "ChessBase"]
[SourceDate "2023.05.31"]
[SourceVersion "1"]
[SourceVersionDate "2023.05.31"]
[SourceQuality "1"]

1. e4 e6 2. d4 d5 3. Nd2 c5 4. exd5 Qxd5 5. Ngf3 cxd4 6. Bc4 Qd6 7. 0-0 Nf6 8. Nb3 Nc6 9. Nbxd4 Nxd4 10. Qxd4 Qxd4 11. Nxd4 Bd7 12. Bg5 Rc8 13. Bb3 Bc5 14. Rad1 Ne4 15. Bf4 0-0 16. Rfe1 Nf6 17. c3 Rfd8 18. h3 h6 19. Nf3 Bc6 20. Ne5 Rxd1 21. Rxd1 Ne4 22. Nxc6 bxc6 23. Be3 Bxe3 24. fxe3 Nf6 25. Kf2 Kf8 26. Kf3 Ke7 27. e4 Nd7 28. Rd4 Rc7 29. Ke3 g6 30. Ba4 Ne5 31. Kf4 g5+ 32. Ke3 c5 33. Rd1 Nc4+ 34. Kf3 0-1

[Event "Teusaquillo Rapid op"]
[Site "Teusaquillo"]
[Date "2023.03.04"]
[Round "1"]
[White "Ramirez, Carlos"]
[Black "Ayala Delgado, Sergio Alejandro"]
[Result "1-0"]
[WhiteElo "2260"]
[BlackElo "1579"]
[PlyCount "103"]
[EventDate "2023.03.04"]
[EventType "swiss (rapid)"]
[EventRounds "9"]
[EventCountry "COL"]
[SourceTitle "CBM 213 Extra"]
[Source "ChessBase"]
[SourceDate "2023.05.31"]
[SourceVersion "1"]
[SourceVersionDate "2023.05.31"]
[SourceQuality "1"]

1. d4 Nf6 2. c4 e6 3. Nc3 Bb4 4. Qc2 d5 5. cxd5 exd5 6. Bg5 0-0 7. e3 c6 8. Bd3 h6 9. Bh4 a5 10. Nge2 Re8 11. h3 Na6 12. 0-0 Bd6 13. a3 Nc7 14. Rab1 Ne6 15. b4 axb4 16. axb4 Ng5 17. Rfc1 Nfe4 18. Bxe4 dxe4 19. Bg3 Bf5 20. b5 Qf6 21. bxc6 bxc6 22. Bxd6 Qxd6 23. Ng3 Qe6 24. Nxf5 Qxf5 25. Ne2 Re6 26. Nf4 Rf6 27. Rb6 Ne6 28. Nxe6 fxe6 29. Rxc6 Raf8 30. Rf1 Rg6 31. Rc8 Qxh3 32. Rxf8+ Kxf8 33. Qxe4 Qh5 34. g3 Kg8 35. Kg2 Rf6 36. Ra1 Rg6 37. Ra8+ Kh7 38. Re8 Qb5 39. Rxe6 Qg5 40. Rxg6 Qxg6 41. Qxg6+ Kxg6 42. f4 Kf5 43. Kf3 h5 44. e4+ Ke6 45. d5+ Kd6 46. f5 Ke5 47. Ke3 Kd6 48. Kd4 Kd7 49. e5 Ke7 50. d6+ Kd7 51. Kd5 Kd8 52. e6 1-0

[Event "Soacha op-A"]
[Site "Soacha"]
[Date "2021.09.10"]
[Round "6"]
[White "Ramirez, Carlos"]
[Black "Sanchez, Sebastian Felipe"]
[Result "0-1"]
[WhiteElo "2246"]
[BlackElo "2438"]
[PlyCount "56"]
[EventDate "2021.09.08"]
[EventType "swiss"]
[EventRounds "10"]
[EventCountry "COL"]
[SourceTitle "CBM 204 Extra"]
[Source "ChessBase"]
[SourceDate "2021.11.30"]
[SourceVersion "1"]
[SourceVersionDate "2021.11.30"]
[SourceQuality "1"]

1. d4 Nf6 2. c4 e6 3. Nc3 Bb4 4. Qc2 0-0 5. Bg5 c5 6. dxc5 Na6 7. a3 Bxc3+ 8. Qxc3 Nxc5 9. f3 Nfe4 10. Bxd8 Nxc3 11. Be7 Nb3 12. Bxf8 Kxf8 13. Rd1 Nxd1 14. Kxd1 d5 15. e3 Bd7 16. cxd5 exd5 17. Ne2 Re8 18. Nc3 Bc6 19. Kc2 Rxe3 20. Bb5 Nd4+ 21. Kd2 Rxc3 22. Kxc3 Nxb5+ 23. Kd3 Ke7 24. a4 Nc7 25. b3 Ne6 26. Re1 Kd6 27. g3 Nc5+ 28. Kc3 d4+ 0-1

[Event "COL-chT 21st"]
[Site "Cartagena"]
[Date "2019.11.30"]
[Round "9.4"]
[White "Ramirez, Carlos"]
[Black "Gomez Barrero, Sergio"]
[Result "1-0"]
[WhiteElo "2195"]
[BlackElo "2010"]
[PlyCount "60"]
[EventDate "2019.11.30"]
[EventType "team-swiss"]
[EventRounds "9"]
[EventCountry "COL"]
[SourceTitle "CBM 195 Extra"]
[Source "ChessBase"]
[SourceDate "2020.05.31"]
[SourceVersion "1"]
[SourceVersionDate "2020.05.31"]
[SourceQuality "1"]
[WhiteTeam "Bogota"]
[BlackTeam "Caqueta"]
[WhiteTeamCountry "COL"]
[BlackTeamCountry "COL"]

1. d4 Nf6 2. c4 c5 3. d5 b5 4. cxb5 a6 5. bxa6 Bxa6 6. Nc3 d6 7. g3 g6 8. Bg2 Bg7 9. Nf3 0-0 10. 0-0 Nbd7 11. Qc2 Qc7 12. Rb1 c4 13. Be3 Nc5 14. Rfd1 Rfb8 15. Bd4 Bc8 16. h3 Bf5 17. Qc1 Bxb1 18. Qxb1 Na4 19. Nxa4 Rxa4 20. Bc3 Qb7 21. Qa1 Rba8 22. a3 Ne8 23. Nd4 Qd7 24. Qc1 Nc7 25. Qe3 Bxd4 26. Qxd4 f6 27. Qe3 Nb5 28. Bb4 Rc8 29. h4 c3 30. bxc3 Nxa3 1-0

[Event "COL-chT"]
[Site "Cartagena"]
[Date "2019.11.24"]
[Round "2.4"]
[White "Narvaez Ramirez, Faber Alberto"]
[Black "Ramirez, Carlos"]
[Result "1-0"]
[WhiteElo "2034"]
[BlackElo "2271"]
[PlyCount "127"]
[EventDate "2019.11.24"]
[EventType "team-swiss"]
[EventRounds "7"]
[EventCountry "COL"]
[SourceTitle "CBM 193 Extra"]
[Source "ChessBase"]
[SourceDate "2020.01.31"]
[SourceVersion "1"]
[SourceVersionDate "2020.01.31"]
[SourceQuality "1"]
[WhiteTeam "Caldas"]
[BlackTeam "Bogota"]
[WhiteTeamCountry "COL"]
[BlackTeamCountry "COL"]

1. d4 Nf6 2. Nf3 d5 3. Bf4 c5 4. e3 Qb6 5. Nc3 a6 6. Na4 Qa5+ 7. c3 c4 8. b4 Qd8 9. Be2 Bf5 10. Nh4 Bd7 11. 0-0 e6 12. Nf3 Ne4 13. Qc2 Be7 14. Nc5 Nxc5 15. bxc5 0-0 16. Rfb1 Bc8 17. Rb6 f6 18. Rab1 Nc6 19. e4 Qd7 20. Nd2 Bd8 21. R6b2 Kh8 22. Bf3 dxe4 23. Qxe4 e5 24. d5 Na5 25. Bg3 Qc7 26. Qe3 Bf5 27. d6 Qc8 28. Rd1 Be6 29. h4 Qd7 30. Rdb1 Rb8 31. h5 h6 32. Bd1 Bd5 33. Bc2 Qc6 34. f3 Rc8 35. Bf2 b6 36. Bf5 Ra8 37. cxb6 Qxd6 38. b7 Rb8 39. Qa7 Be7 40. Ne4 Qa3 41. Bc5 Bxc5+ 42. Qxc5 Qxc5+ 43. Nxc5 Rfd8 44. Be4 Bxe4 45. fxe4 Rd6 46. Rb6 Rxb6 47. Rxb6 Kg8 48. Rxa6 Nxb7 49. Rb6 Ra8 50. Rxb7 Rxa2 51. Ne6 Ra3 52. Rxg7+ Kh8 53. Rg6 Kh7 54. Rxf6 Rxc3 55. Rf7+ Kg8 56. Rg7+ Kh8 57. Rc7 Rc1+ 58. Kh2 c3 59. Nf8 c2 60. Ng6+ Kg8 61. Nxe5 Kf8 62. Ng4 Kg8 63. Nxh6+ Kh8 64. Ng4 1-0

[Event "COL pre olympic sf2"]
[Site "Palmira"]
[Date "2019.06.01"]
[Round "6"]
[White "Ramirez, Carlos"]
[Black "Prado, Leonardo"]
[Result "1/2-1/2"]
[WhiteElo "2292"]
[BlackElo "2080"]
[PlyCount "43"]
[EventDate "2019.05.29"]
[EventType "swiss"]
[EventRounds "10"]
[EventCountry "COL"]
[SourceTitle "CBM 190 Extra"]
[Source "ChessBase"]
[SourceDate "2019.07.15"]
[SourceVersion "1"]
[SourceVersionDate "2019.07.15"]
[SourceQuality "1"]

1. d4 Nf6 2. c4 e6 3. Nc3 Bb4 4. Qc2 0-0 5. Bg5 d5 6. cxd5 exd5 7. e3 h6 8. Bh4 c5 9. Nf3 Nc6 10. Be2 cxd4 11. Nxd4 Nxd4 12. exd4 g5 13. Bg3 Ne4 14. 0-0 Bxc3 15. bxc3 Bf5 16. Bd3 Qd7 17. Bxe4 Bxe4 18. Qd2 Rac8 19. f3 Bg6 20. Rae1 Rc6 21. Re3 Re8 22. Rfe1 1/2-1/2

[Event "COL pre olympic sf2"]
[Site "Palmira"]
[Date "2019.05.29"]
[Round "1"]
[White "Manzano Gomez, Valentina"]
[Black "Ramirez, Carlos"]
[Result "1-0"]
[WhiteElo "1745"]
[BlackElo "2292"]
[PlyCount "57"]
[EventDate "2019.05.29"]
[EventType "swiss"]
[EventRounds "10"]
[EventCountry "COL"]
[SourceTitle "CBM 190 Extra"]
[Source "ChessBase"]
[SourceDate "2019.07.15"]
[SourceVersion "1"]
[SourceVersionDate "2019.07.15"]
[SourceQuality "1"]

1. e4 e6 2. d4 d5 3. Nd2 Nf6 4. e5 Nfd7 5. Bd3 c5 6. c3 Nc6 7. Ndf3 cxd4 8. cxd4 f6 9. exf6 Nxf6 10. Nh3 Bd6 11. 0-0 0-0 12. Re1 Qc7 13. Nhg5 e5 14. dxe5 Nxe5 15. Rxe5 Bxe5 16. Bxh7+ Kh8 17. Nh4 Bxh2+ 18. Kh1 g6 19. Nxg6+ Kg7 20. Nxf8 Kxf8 21. Qf3 Be5 22. Bf5 Qc4 23. g3 Qf1+ 24. Kh2 Bxf5 25. Qxf5 Kg7 26. Ne6+ Kf7 27. Bh6 Qe2 28. Ng5+ Ke8 29. Qe6+ 1-0

[Event "COL-ch"]
[Site "Bogota"]
[Date "2018.11.07"]
[Round "3"]
[White "Ramirez, Carlos"]
[Black "Cardozo Munar, Carlos Eduardo"]
[Result "1-0"]
[WhiteElo "2287"]
[BlackElo "2064"]
[PlyCount "99"]
[EventDate "2018.11.06"]
[EventType "swiss"]
[EventRounds "9"]
[EventCountry "COL"]
[SourceTitle "CBM 187 Extra"]
[Source "ChessBase"]
[SourceDate "2018.11.04"]
[SourceVersion "1"]
[SourceVersionDate "2018.11.04"]
[SourceQuality "1"]

1. d4 d5 2. c4 e5 3. dxe5 d4 4. e4 Nc6 5. f4 f6 6. exf6 Nxf6 7. Bd3 Bb4+ 8. Kf1 a5 9. h3 0-0 10. a3 Bc5 11. Nd2 Be6 12. Ndf3 Qe7 13. Qc2 g6 14. Bd2 Rad8 15. Re1 Bc8 16. Ne2 Nh5 17. g3 Ne5 18. Nxe5 Qxe5 19. Kg2 Qf6 20. Rhf1 b6 21. Ng1 Be7 22. g4 Ng7 23. f5 Bb7 24. Nf3 gxf5 25. Bg5 Qf7 26. Bxe7 Qxe7 27. exf5 Bxf3+ 28. Kxf3 Qh4 29. Kg2 Rde8 30. Qf2 Qf6 31. Qf4 Ne6 32. Qf3 Nc5 33. Be4 a4 34. Bc6 Rxe1 35. Rxe1 d3 36. Bd5+ Kh8 37. Qf2 Rd8 38. Qd2 c6 39. Bf3 Nb3 40. Qc3 Qxc3 41. bxc3 d2 42. Rd1 c5 43. Be2 h6 44. h4 Nc1 45. Kf3 Kg7 46. Bf1 Kf6 47. Kf4 Nb3 48. g5+ hxg5+ 49. hxg5+ Kf7 50. Bg2 1-0

[Event "Pan American-ch Seniors 50"]
[Site "Neiva"]
[Date "2017.10.15"]
[Round "7"]
[White "Ramirez, Carlos"]
[Black "Rodriguez Rivera, Pedro"]
[Result "1/2-1/2"]
[WhiteElo "2273"]
[BlackElo "2206"]
[PlyCount "36"]
[EventDate "2017.10.11"]
[EventType "swiss"]
[EventRounds "9"]
[EventCountry "COL"]
[SourceTitle "CBM 181 Extra"]
[Source "ChessBase"]
[SourceDate "2017.12.12"]
[SourceVersion "1"]
[SourceVersionDate "2017.12.12"]
[SourceQuality "1"]

1. d4 Nf6 2. c4 d6 3. Nc3 Nbd7 4. e4 e5 5. Nf3 Be7 6. Be2 0-0 7. 0-0 Re8 8. Qc2 c6 9. Rd1 Qc7 10. d5 c5 11. a3 g6 12. b4 a6 13. Rb1 cxb4 14. axb4 b5 15. Nd2 bxc4 16. Nxc4 Nb6 17. Nxb6 Qxb6 18. Be3 Qb7 1/2-1/2